1311 1313 1141 1331 1634 1734 1241 1745 1602 1662 1419 1355 1423 1204 1651 1971 1194 1815 1095 1475 1829 1845 1888 1965 1565 1660 1281 1723 1920 1875 1075 1533 1129 1606 1494 1955 1289 1391 1388 1666 1982 1938 1341 1968 1589 1832 1688 1935 1713 1042 1621 1529 1796 1087 1276 1137 1078 1521 1736 1681 1330 1990 1878 1836 1465 1798 1875 1996 1247 1854 1836 1782 1066 1334 1790 1127 1528 1139 1041 1997 1853 1591 1121 1398 1670 1893 1243 1419 1976 1111 1770 1887 1356 1704 1000 1903 1495 1581 1080 BCNSPRNW ULIB Ver.6.0+V

เปลี่ยนเป็นภาษาไทย

Change to English
 แสดงรายละเอียดบรรณานุกรม
  กลับหน้าหลัก

Brief Record : Get Marc (ISO 2709) : E-mail record : QR code < ปิดหน้าต่าง
LEADER : 00000nam 2200000uu 4500
001    13399125301
003     ULIB
008    170404s2559||||th 000 0 tha d
020    ^a9786169157427
060  4 ^a WA105 พ816พ 2556
245 00 ^aพื้นฐานระบาดวิทยา
246 31 ^aBasics of epidemiology
260    ^aนนทบุรี สมาคมนักระบาดวิทยาภาคสนาม ม.ป.ป.
300    ^a317 หน้า : ภาพประกอบ ; 26 ซม.
650  2 ^aEpidemiology
650  4 ^aระบาดวิทยา
700 0  ^aคำนวณ อึ้งชูศักดิ์,บรรณาธิการ
710 02 ^aสมาคมนักระบาดวิทยาภาคสนาม
945    ^p0^l0^i001857
945    ^p0^l0^i001858
945    ^p0^l0^i001859
999    ^aวรรณษา ชูชัยมงคล
รายการนี้ยังไม่มีแท็ก
คุณยังไม่ได้ล็อกอิน คุณสามารถมีกิจกรรมร่วมกับเว็บไซต์ได้ แต่ต้องล็อกอินก่อน ::
  ล็อกอิน

รายการสื่อสารสนเทศ

ลำดับที่ ประเภท เลขเรียก/บาร์โค้ด สถานที่ สถานะ
1. วิทยาศาสตร์การแพทย์ และสุขภาพ
วิทยาศาสตร์การแพทย์ และสุขภาพ
WA105 พ816พ 2556 ฉ.1 
  Barcode: 001857
ห้องสมุดวิทยาเขตสวรรค์ประชารักษ์
►ส่วนจัดเก็บหนังสือเก่า สปร
บนชั้น
  ขอยืม
2. วิทยาศาสตร์การแพทย์ และสุขภาพ
วิทยาศาสตร์การแพทย์ และสุขภาพ
WA105 พ816พ 2556 ฉ.2 
  Barcode: 001858
ห้องสมุดวิทยาเขตสวรรค์ประชารักษ์
►หนังสือทั่วไป
บนชั้น
3. วิทยาศาสตร์การแพทย์ และสุขภาพ
วิทยาศาสตร์การแพทย์ และสุขภาพ
WA105 พ816พ 2556 ฉ.3 
  Barcode: 001859
ห้องสมุดวิทยาเขตสวรรค์ประชารักษ์
►ส่วนจัดเก็บหนังสือเก่า สปร
บนชั้น
  ขอยืม

รายการใกล้เคียง
    ชื่อเรื่อง [พื้นฐานระบาดวิทยา]

    หัวเรื่อง [Epidemiology]
    หัวเรื่อง [ระบาดวิทยา]

BibComment


ยังไม่เคยถูกคอมเมนท์

คอมเมนท์ทรัพยากรรายการนี้
  คอมเมนท์: พื้นฐานระบาดวิทยา


 Copyright 2026. Bcnsprnw @Library